| 000 | 01184nam a22003497a 4500 | ||
|---|---|---|---|
| 003 | CHAP | ||
| 005 | 20220329135030.0 | ||
| 008 | 971013s1982 r 00010 d | ||
| 010 | _a29845 | ||
| 011 | _a30817 | ||
| 035 | _a34929 | ||
| 040 | _cCHAP | ||
| 082 |
_a631.4913 _bK8 |
||
| 100 | 0 | 0 |
_aKussow, W. _964145 |
| 245 |
_aSoil erosion conservation in the tropics _b: proceedings of a symposium... |
||
| 260 |
_aMadison, Wis. : _bASA, _c1982 |
||
| 300 |
_a149 p. _b: ilus. ; mapas. ; gráfs. |
||
| 490 |
_aSpecial publication _v; 43 |
||
| 590 |
_aBATCH-UPD _b10 _c20130110 _lUCH01 _h1729 |
||
| 590 |
_aBATCH-UPD _b10 _c20130410 _lUCH01 _h1111 |
||
| 590 |
_aBATCH-UPD _b10 _c20130914 _lUCH01 _h1316 |
||
| 590 |
_aCONVERSION _b10 _c20130109 _lUCH01 _h1317 |
||
| 650 | 1 | 4 |
_aErosión. _937335 |
| 650 | 1 | 4 |
_aSuelos tropicales. _9110563 |
| 650 | 1 | 4 |
_aSuelos _xConservación. _9110283 |
| 710 | 0 |
_aAmerican Society of Agronomy. Madison, Wis. _95293 |
|
| 710 | 0 |
_aSoil Science Society of America. Madison, Wis. _9108304 |
|
| 830 | 0 |
_aSpecial publication _v; 43 _9109152 |
|
| 901 | _aBK | ||
| 942 | _cLIBRO | ||
| 949 |
_a631.4913 K8 _bBC _cLIBRO _d33724000080198 _eLIBRO _gI. 132558 _h1230 _i34929 _si |
||
| 999 |
_c29845 _d29845 |
||